[Event "ECC Women 2014"]
[Site "Bilbao ESP"]
[Date "2014.09.15"]
[Round "2.1"]
[White "Gunina, Valentina"]
[Black "Hou, Yifan"]
[Result "0-1"]
[WhiteTitle "GM"]
[BlackTitle "GM"]
[WhiteElo "2540"]
[BlackElo "2663"]
[WhiteTeam "SHSM"]
[BlackTeam "Cercle d'Echecs de Monte-Carlo"]
[WhiteFideId "4167570"]
[BlackFideId "8602980"]
[EventDate "2014.09.14"]

1. d4 Nf6 2. c4 e6 3. Nf3 Bb4+ 4. Bd2 a5 5. g3 d6 6. Bg2 Nbd7 7. O-O e5 8. Nc3
c6 9. dxe5 dxe5 10. Qc2 O-O 11. Rad1 Re8 12. a3 Bf8 13. h3 Qc7 14. Nh4 Nc5 15.
Bg5 Nfd7 16. Ne4 a4 17. Kh2 Ne6 18. Be3 Ndc5 19. Nxc5 Bxc5 20. Nf5 g6 21. Bxc5
Nxc5 22. Nd6 Rd8 23. Qc3 f6 24. Qe3 Nb3 25. Ne4 Kg7 26. Nxf6 Kxf6 27. Rxd8 Qxd8
28. f4 Qe7 29. fxe5+ Kg7 30. Rf6 Ra5 31. Bd5 cxd5 32. Qg5 Qe8 33. Rd6 Ra6 34.
Qf6+ Kg8 35. Rxa6 bxa6 36. cxd5 Nc5 37. Qd6 Qf8 38. Qc7 Qf2+ 39. Kh1 Qf1+ 40.
Kh2 Qxh3+ 41. Kg1 Qxg3+ 42. Kh1 Bf5 0-1

[Event "ECC Women 2014"]
[Site "Bilbao ESP"]
[Date "2014.09.15"]
[Round "2.1"]
[White "Muzychuk, Anna"]
[Black "Kosteniuk, Alexandra"]
[Result "1/2-1/2"]
[WhiteTitle "GM"]
[BlackTitle "GM"]
[WhiteElo "2551"]
[BlackElo "2543"]
[WhiteTeam "Cercle d'Echecs de Monte-Carlo"]
[BlackTeam "SHSM"]
[WhiteFideId "14111330"]
[BlackFideId "4128125"]
[EventDate "2014.09.14"]

1. e4 c5 2. Nf3 Nc6 3. d4 cxd4 4. Nxd4 Nf6 5. Nc3 d6 6. Bg5 e6 7. Qd2 a6 8.
O-O-O h6 9. Nxc6 bxc6 10. Bf4 d5 11. Qe3 Bb4 12. Be2 O-O 13. e5 Nh7 14. Ne4 Qh4
15. a3 Ba5 16. Nd6 Bb6 17. Qxb6 Qxf4+ 18. Qe3 Qxe3+ 19. fxe3 a5 20. e4 Ba6 21.
Rhe1 Rfb8 22. Bxa6 Rxa6 23. Re2 f6 24. exf6 Nxf6 25. c4 a4 26. exd5 cxd5 27.
Rxe6 Rc6 28. Rxf6 gxf6 29. Rxd5 Kf8 30. Kc2 Ke7 31. Nf5+ Kf7 32. Rd4 Ke6 33. Ne3
Ke5 34. Rh4 f5 35. g3 Rd8 36. Kc3 Rb6 37. Nd5 Rb3+ 38. Kc2 Rf3 39. Rxh6 Rb8 40.
Nb4 Re8 41. Nc6+ Ke4 42. Rh4+ Ke3 43. Nd4 Rf1 44. Kc3 Rc1+ 45. Kb4 Rb8+ 46. Nb5
Rb1 47. Kxa4 Rxb2 48. Ka5 Ra8+ 49. Kb6 Rxa3 50. Rf4 Ra4 51. h4 Rf2 52. Rxf2 Kxf2
53. Nd6 1/2-1/2

[Event "ECC Women 2014"]
[Site "Bilbao ESP"]
[Date "2014.09.15"]
[Round "2.1"]
[White "Girya, Olga"]
[Black "Lagno, Kateryna"]
[Result "1-0"]
[WhiteTitle "WGM"]
[BlackTitle "GM"]
[WhiteElo "2476"]
[BlackElo "2540"]
[WhiteTeam "SHSM"]
[BlackTeam "Cercle d'Echecs de Monte-Carlo"]
[WhiteFideId "4195752"]
[BlackFideId "14109336"]
[EventDate "2014.09.14"]

1. d4 Nf6 2. c4 g6 3. Nc3 d5 4. Bf4 Bg7 5. e3 O-O 6. Rc1 Be6 7. cxd5 Nxd5 8.
Nxd5 Qxd5 9. a3 Qa5+ 10. Qd2 Qxd2+ 11. Kxd2 c6 12. Bc4 Bxc4 13. Rxc4 Nd7 14. Nf3
Rfe8 15. Rd1 e5 16. dxe5 Nxe5 17. Bxe5 Bxe5 18. Kc2 Bf6 19. Rd6 Kg7 20. Rf4 Re6
21. Rxe6 fxe6 22. Rb4 b5 23. e4 e5 24. Rb3 Kf7 25. Rc3 Rc8 26. a4 a6 27. axb5
axb5 28. Ra3 Ke6 29. Ra7 Be7 30. Rb7 Rf8 31. Kd3 Rf4 32. b3 Rf8 33. h4 Rd8+ 34.
Ke2 Ra8 35. Nxe5 Ra2+ 36. Kd3 Rxf2 37. Nxc6 Bf6 38. Nd4+ Bxd4 39. Kxd4 Rxg2 40.
Rb6+ Kf7 41. Rxb5 h5 42. Rb7+ Kf6 43. Rb6+ Kf7 44. b4 g5 45. hxg5 Rxg5 46. e5 h4
47. Rf6+ Kg7 48. Rf4 Rh5 49. e6 Rb5 50. Kc4 Re5 51. Rxh4 Kf6 52. b5 Kxe6 53. Rd4
Re1 54. Kc5 Rc1+ 55. Kb6 1-0

[Event "ECC Women 2014"]
[Site "Bilbao ESP"]
[Date "2014.09.15"]
[Round "2.1"]
[White "Cramling, Pia"]
[Black "Kovalevskaya, Ekaterina"]
[Result "0-1"]
[WhiteTitle "GM"]
[BlackTitle "IM"]
[WhiteElo "2516"]
[BlackElo "2431"]
[WhiteTeam "Cercle d'Echecs de Monte-Carlo"]
[BlackTeam "SHSM"]
[WhiteFideId "1700030"]
[BlackFideId "4116704"]
[EventDate "2014.09.14"]

1. Nf3 Nf6 2. c4 c5 3. Nc3 Nc6 4. d4 cxd4 5. Nxd4 e6 6. a3 d5 7. cxd5 exd5 8.
Bg5 Be7 9. e3 O-O 10. Be2 Qb6 11. O-O Nxd4 12. exd4 Be6 13. Na4 Qd8 14. Nc5 Bf5
15. Rc1 Rc8 16. Qa4 b6 17. Nd3 Ne4 18. Be3 Bd6 19. Qxa7 Ra8 20. Qb7 Re8 21. Nf4
Nxf2 22. Rxf2 Rxe3 23. Nxd5 Rb8 24. Qa6 Qh4 25. Rxf5 Qxh2+ 26. Kf2 Ree8 27. Rh5
Qg3+ 28. Kf1 Bf4 29. Rc3 Be3 30. Nxe3 Rxe3 31. Rxe3 Qxe3 32. Qd3 Qc1+ 33. Kf2 g6
34. Rb5 Qf4+ 35. Kg1 Re8 36. Rb3 Qc1+ 37. Bf1 Re1 38. Rxb6 Rd1 39. Qe2 Re1 40.
Qf2 Rxf1+ 41. Qxf1 Qe3+ 42. Qf2 Qc1+ 43. Kh2 Qc7+ 44. Qg3 Qxb6 45. Qc3 Qb5 46.
b3 h5 47. a4 Qa6 48. a5 h4 49. b4 Qf1 50. Qc7 h3 51. Qb8+ Kh7 52. Kxh3 Qf5+ 53.
Kh2 Qh5+ 54. Kg3 g5 55. Qe5 Qh4+ 56. Kf3 Qh5+ 57. Kf2 Qg6 58. b5 Qc2+ 59. Qe2
Qf5+ 60. Kg1 g4 61. Qf1 Qe6 62. Qd3+ Kg7 63. Qg3 Qg6 64. Qe5+ f6 65. Qe7+ Kh6
66. Qe3+ Kg7 67. b6 g3 68. Qe1 Qd3 69. Qe7+ Kg6 70. Qe8+ Kg7 71. Qd7+ Kf8 72.
Qc8+ Kf7 73. Qb7+ Kg8 74. Qf3 Qb1+ 75. Qf1 Qb3 76. Qxf6 Qd1+ 0-1

[Event "ECC Women 2014"]
[Site "Bilbao ESP"]
[Date "2014.09.15"]
[Round "2.2"]
[White "Paehtz, Elisabeth"]
[Black "Khotenashvili, Bela"]
[Result "1/2-1/2"]
[WhiteTitle "IM"]
[BlackTitle "GM"]
[WhiteElo "2467"]
[BlackElo "2507"]
[WhiteTeam "SC Bad Konigshofen"]
[BlackTeam "Batumi Chess Club Nona"]
[WhiteFideId "4641833"]
[BlackFideId "13602640"]
[EventDate "2014.09.14"]

1. d4 d5 2. Nf3 Nf6 3. e3 g6 4. c4 Bg7 5. Nc3 O-O 6. Qb3 dxc4 7. Bxc4 Nc6 8. Ne5
Nxe5 9. dxe5 Nd7 10. Bxf7+ Kh8 11. Bc4 Nxe5 12. O-O Nxc4 13. Qxc4 c6 14. Rd1 Qa5
15. Bd2 Qf5 16. Qe2 Be6 17. e4 Qf7 18. Be3 Bc4 19. Qd2 Bf6 20. b3 Ba6 21. Rac1
b6 22. Qd7 Qe8 23. Qe6 Bc8 24. Qc4 Bb7 25. Bh6 Rf7 26. Be3 Rf8 27. Bh6 Rf7 28.
Be3 Rf8 29. Bh6 1/2-1/2

[Event "ECC Women 2014"]
[Site "Bilbao ESP"]
[Date "2014.09.15"]
[Round "2.2"]
[White "Melia, Salome"]
[Black "Mkrtchian, Lilit"]
[Result "1/2-1/2"]
[WhiteTitle "IM"]
[BlackTitle "IM"]
[WhiteElo "2464"]
[BlackElo "2457"]
[WhiteTeam "Batumi Chess Club Nona"]
[BlackTeam "SC Bad Konigshofen"]
[WhiteFideId "13602446"]
[BlackFideId "13300601"]
[EventDate "2014.09.14"]

1. e4 e6 2. d4 d5 3. Nc3 Bb4 4. exd5 exd5 5. Bd3 c6 6. Ne2 Ne7 7. Ng3 Ng6 8. O-O
O-O 9. Nce2 Bd6 10. Nf5 Bxf5 11. Bxf5 Na6 12. Qd3 Re8 13. c3 Qh4 14. Ng3 Nc7 15.
Bh3 Nf4 16. Bxf4 Qxf4 17. Rfe1 g6 18. Nf1 Qg5 19. g3 Re7 20. Rxe7 Qxe7 21. Qe3
Qxe3 22. Nxe3 Re8 23. Re1 Kf8 24. Nc2 Be7 25. Bd7 Rd8 26. Bh3 Re8 27. Bd7 Rd8
28. Bh3 Re8 29. Bd7 1/2-1/2

[Event "ECC Women 2014"]
[Site "Bilbao ESP"]
[Date "2014.09.15"]
[Round "2.2"]
[White "Savina, Anastasia"]
[Black "Batsiashvili, Nino"]
[Result "1/2-1/2"]
[WhiteTitle "IM"]
[BlackTitle "IM"]
[WhiteElo "2373"]
[BlackElo "2426"]
[WhiteTeam "SC Bad Konigshofen"]
[BlackTeam "Batumi Chess Club Nona"]
[WhiteFideId "4196872"]
[BlackFideId "13602993"]
[EventDate "2014.09.14"]

1. d4 d5 2. c4 e6 3. Nc3 Bb4 4. Nf3 Nf6 5. Bg5 h6 6. Bxf6 Qxf6 7. e3 O-O 8. Rc1
Rd8 9. a3 Bf8 10. cxd5 exd5 11. Nb5 Na6 12. Nxc7 Nxc7 13. Rxc7 Qb6 14. Rc2 Bd7
15. Qd2 Rac8 16. Bd3 Rxc2 17. Bxc2 Bb5 18. Ne5 Bd6 19. f4 Bxe5 20. fxe5 f6 21.
exf6 Qxf6 22. Qf2 Re8 23. Qxf6 Rxe3+ 24. Kf2 Re2+ 25. Kf3 gxf6 26. Bb3 Rxb2 27.
Bxd5+ Kf8 28. Bxb7 Rb3+ 29. Kf4 Bd7 30. Be4 Rxa3 31. Bf5 Bc6 32. Be4 Bd7 33. Bf5
Bc6 34. Be4 1/2-1/2

[Event "ECC Women 2014"]
[Site "Bilbao ESP"]
[Date "2014.09.15"]
[Round "2.2"]
[White "Mikadze, Miranda"]
[Black "Schoene, Maria"]
[Result "1-0"]
[WhiteTitle "WIM"]
[BlackTitle "WIM"]
[WhiteElo "2242"]
[BlackElo "2261"]
[WhiteTeam "Batumi Chess Club Nona"]
[BlackTeam "SC Bad Konigshofen"]
[WhiteFideId "13603108"]
[BlackFideId "4681410"]
[EventDate "2014.09.14"]

1. e4 c5 2. c3 d5 3. exd5 Qxd5 4. d4 Nc6 5. Nf3 Bf5 6. Be2 cxd4 7. cxd4 Bxb1 8.
Rxb1 e6 9. a3 Bd6 10. O-O Nf6 11. Be3 O-O 12. Rc1 Rac8 13. Bc4 Qh5 14. h3 Rfd8
15. Qe2 Bc7 16. Bb5 Ne7 17. Rc5 Ned5 18. Rfc1 Ne4 19. R5c2 Nd6 20. Bd3 Bb6 21.
Rxc8 Rxc8 22. Rxc8+ Nxc8 23. Qc2 Nd6 24. Qa4 Nc7 25. Ng5 h6 26. g4 Qh4 27. Qd7
hxg5 28. Qxd6 Na6 29. Qe7 g6 30. Kg2 Qh8 31. Qxb7 Nc7 32. Qc8+ Kh7 33. Qxh8+
Kxh8 34. Bc4 f6 35. Kf3 Kg7 36. Ke4 Kf7 37. d5 exd5+ 38. Bxd5+ Ke7 39. Bxb6 axb6
40. Bg8 Kf8 41. Bc4 Ke7 42. Kd4 Ke8 43. Bf1 1-0